| 000 | 01144nas a2200349 4500 | ||
|---|---|---|---|
| 001 | BR0303003 | ||
| 003 | BR-BrBNA | ||
| 005 | 20231205103858.0 | ||
| 007 | ta | ||
| 008 | 230509b bl.|||p| |||| 00| 00por d | ||
| 040 |
_aBR-BrBNA _bpor _cBiblioteca Nacional de Agricultura |
||
| 041 | _a(Pt) | ||
| 072 | _aH10 | ||
| 100 | 1 | _aPicanço, M.C. | |
| 100 | 1 | _aMoura, M.F. de | |
| 100 | 1 | _aMiranda, M.M.M. | |
| 100 | 1 | _aGontijo, L.M. | |
| 100 | 1 | _aFernandes, F.L. | |
| 245 | 1 | _aSeletividade de inseticidas a Doru luteipes (Scudder, 1876)(Dermaptera: Forficulidae)e Cotesia sp. (Hymenoptera: Braconidae)inimigos naturais de Ascia monuste orseis (Godart, 1818)(Lepdoptera: Pieridae) | |
| 650 | _aCOUVE | ||
| 650 | _aCURUQUERÊ | ||
| 650 | _aMÉTODO DE APLICAÇÃO | ||
| 650 | _aINSETICIDA | ||
| 650 | _aVARIEDADE RESISTENTE | ||
| 650 | _aPRÁTICA CULTURAL | ||
| 650 | _aCONTROLE BIOLÓGICO | ||
| 650 | _aCONTROLE QUÍMICO | ||
| 650 | _aINIMIGO NATURAL | ||
| 773 | 0 |
_tCiência Rural (Brazil) _xISSN 0103-8478 _g(Mar-Apr 2003), v. 33(2) p. 183-188 _wBR0303003 |
|
| 909 |
_a202311 _bLúcia _c55 _dLúcia Elande |
||
| 942 |
_2AGRIS _n0 _cANA |
||
| 999 |
_c175224 _d175224 |
||